|
|
|
|
| LEADER |
01266nam a22002777a 4500 |
| 001 |
38300 |
| 003 |
BD-DhAAL |
| 005 |
20240123105504.0 |
| 008 |
220410t2021 bg ||||| |||| 00| 0 ben d |
| 020 |
|
|
|a 978984510943
|
| 040 |
|
|
|a BD-DhAAL
|d BD-DhAAL
|
| 041 |
|
|
|a ben
|
| 082 |
|
|
|a 954.9205
|
| 245 |
|
|
|a মুজিবনগর :
|b কাঠামাে ও কার্যবিবরণ /
|c সম্পাদক আফসান চৌধুরী
|
| 246 |
|
|
|a Mujibnagar :
|b Kathamo o Karjabibaran
|
| 260 |
|
|
|a ঢাকা :
|b কথাপ্রকাশ,
|c ২০২১
|
| 300 |
|
|
|a ২৭১ পৃষ্ঠা ;
|c ২৪ সে.মি.
|
| 541 |
|
|
|a Donated by Akbar Ali Khan
|e 38300
|
| 651 |
|
|
|a বাংলাদেশ
|x ইতিহাস
|y মুক্তিযুদ্ধ, ১৯৭১.
|9 47859
|
| 651 |
|
|
|a Bangladesh
|x History
|y Revolution, 1971.
|9 47860
|
| 651 |
|
|
|a Bangladesh
|x Politics and government.
|9 47861
|
| 700 |
|
|
|a চৌধুরী, আফসান
|9 47854
|
| 852 |
|
|
|a Ayesha Abed Library
|c Akbar Ali Khan Collection
|
| 942 |
|
|
|2 ddc
|c BK
|
| 999 |
|
|
|c 44031
|d 44031
|
| 952 |
|
|
|0 0
|1 0
|2 ddc
|4 0
|6 954_920500000000000_MUJ
|7 1
|9 70481
|a BRACUL
|b BRACUL
|c AAKC
|d 2022-04-10
|e Donated by Akbar Ali Khan
|l 0
|o 954.9205 MUJ
|p 3010038300
|r 2022-04-10
|t 1
|w 2022-04-10
|y BK
|